[Event "King's Indian defence - still playable for black?"]
[Site "SchemingMind.com"]
[Date "2006.04.26"]
[Round "-"]
[White "MatdeInverses"]
[Black "griffimv"]
[Result "1/2-1/2"]
[WhiteCountry "USA"]
[BlackCountry "INT"]
[WhiteElo "1978"]
[WhiteRD "46"]
[BlackElo "2145"]
[BlackRD "73"]
[GameID "48038"]

1. d4 Nf6 2. c4 g6 3. Nc3 Bg7 4. e4 d6 5. f3 O-O 6. Be3 Nc6 7. Qd2 a6 8. Bd3 e5 9. d5 Nd4 10. Nge2 Nh5
11. O-O Qe7 12. Bb1 c5 13. dxc6 Nxe2+ 14. Nxe2 bxc6 15. Bd3 Be6 16. Rfc1 Rfb8 17. Rab1 a5 18. b3 Rd8 19. Bb6 Rdb8 20. c5 d5
21. exd5 cxd5 22. Bxa5 Bf6 23. Rc2 Bg5 24. Qc3 Rc8 25. b4 d4 26. Qe1 Bd5 27. Kh1 Be3=
1/2-1/2

[Event "King's Indian defence - still playable for black?"]
[Site "SchemingMind.com"]
[Date "2006.04.27"]
[Round "-"]
[White "griffimv"]
[Black "MatdeInverses"]
[Result "1-0"]
[WhiteCountry "INT"]
[BlackCountry "USA"]
[WhiteElo "2145"]
[WhiteRD "73"]
[BlackElo "1978"]
[BlackRD "46"]
[GameID "48039"]

1. d4 Nf6 2. c4 g6 3. Nc3 Bg7 4. e4 d6 5. Nf3 O-O 6. Be2 Nbd7 7. O-O c6 8. Re1 e5 9. Bf1 Re8 10. Rb1 a5
11. d5 Qc7 12. b3 Nc5 13. h3 Bd7 14. Bg5 h6 15. Bd2 cxd5 16. cxd5 Rec8 17. Rc1 Qb8 18. a4 Qc7 19. Bb5 Qb6 20. Bxd7 Nfxd7
21. Nb5 f5 22. exf5 gxf5 23. Nh4 Rf8 24. Qh5 f4 25. Nf5
1-0

[Event "King's Indian defence - still playable for black?"]
[Site "SchemingMind.com"]
[Date "2006.05.01"]
[Round "-"]
[White "McKnights"]
[Black "griffimv"]
[Result "0-1"]
[WhiteCountry "USA"]
[BlackCountry "INT"]
[WhiteElo "1801"]
[WhiteRD "67"]
[BlackElo "2070"]
[BlackRD "81"]
[GameID "48808"]

1. d4 Nf6 2. c4 g6 3. Nc3 Bg7 4. e4 d6 5. Bg5 O-O 6. Nf3 h6 7. Bxf6 Bxf6 8. Qc2 Bg4 9. O-O-O Nc6 10. d5 Bxf3
11. gxf3 Nd4 12. Qd3 e5 13. Ne2 Nxe2+ 14. Bxe2 Bh4 15. Rdf1 Bg5+ 16. Kb1 a5 17. Rfg1 Ra6 18. c5 a4 19. Qc3 Ra8 20. Bb5 a3
21. b3 dxc5 22. Qxe5 Bf6 23. Qf4 c6 24. Bc4 b5 25. Be2 c4 26. Rd1 Bg5 27. Qe5 cxb3 28. dxc6 Qb6 29. Qxb5 Rfb8 30. Qxb6 Rxb6
31. Rd5 Rxc6
0-1

[Event "King's Indian defence - still playable for black?"]
[Site "SchemingMind.com"]
[Date "2006.05.01"]
[Round "-"]
[White "McKnights"]
[Black "MatdeInverses"]
[Result "0-1"]
[WhiteCountry "USA"]
[BlackCountry "USA"]
[WhiteElo "1801"]
[WhiteRD "67"]
[BlackElo "1956"]
[BlackRD "47"]
[GameID "48809"]

1. d4 Nf6 2. c4 g6 3. Nc3 Bg7 4. e4 d6 5. Bg5 O-O 6. Nf3 c5 7. dxc5 Qa5 8. Bd3 Qxc5 9. O-O Bg4 10. h3 Bxf3
11. Qxf3 Qxg5 12. Rad1 Nc6 13. Ne2 Ne5 14. Qf4 Qxf4 15. Nxf4 Nxd3 16. Nxd3 Nxe4 17. Rfe1 Nc5 18. Nxc5 dxc5 19. Rxe7 Bxb2 20. Rxb7 Bd4
21. Rdb1 a5 22. a4 Rae8 23. Kf1 Re6 24. g3 Rfe8 25. R7b5 Re2
0-1

[Event "King's Indian defence - still playable for black?"]
[Site "SchemingMind.com"]
[Date "2006.05.01"]
[Round "-"]
[White "griffimv"]
[Black "McKnights"]
[Result "1-0"]
[WhiteCountry "INT"]
[BlackCountry "USA"]
[WhiteElo "2145"]
[WhiteRD "73"]
[BlackElo "1805"]
[BlackRD "60"]
[GameID "48810"]

1. d4 Nf6 2. c4 g6 3. Nc3 Bg7 4. e4 d6 5. Nf3 Bg4 6. Be2 O-O 7. Be3 Nbd7 8. O-O Bxf3 9. Bxf3 e5 10. d5 Re8
11. b4 b6 12. Qd2 h5 13. a3 Ng4 14. Bxg4 hxg4 15. f3 Qh4 16. fxg4 Qxg4 17. Qf2 Rf8 18. Qd2 Rfe8 19. Rf3 f5 20. Rg3 Qh5
21. exf5 gxf5 22. Bh6 Re7 23. Qg5 Qxg5 24. Rxg5 a5 25. bxa5 Rxa5 26. Nb5 Nf6 27. Rxf5 Bxh6 28. Rxf6 Kg7 29. Re6 Rf7 30. Re8 Ra4
31. Rc8 Kg6 32. g3 Rd7 33. Rg8+ Bg7 34. Rc1 Rf7 35. Rc8 e4 36. Rxc7 Rxc7 37. Nxc7 Bd4+ 38. Kh1 Bc5 39. Nb5 e3 40. Kg2 Ra8
41. h4 Rf8 42. Rf1 e2 43. Re1 Rf2+ 44. Kh3 Be3 45. Nc3 Bc5 46. Rxe2 Rxe2 47. Nxe2 Bxa3 48. g4 Bc5 49. g5
1-0

[Event "King's Indian defence - still playable for black?"]
[Site "SchemingMind.com"]
[Date "2006.05.02"]
[Round "-"]
[White "MatdeInverses"]
[Black "McKnights"]
[Result "1-0"]
[WhiteCountry "USA"]
[BlackCountry "USA"]
[WhiteElo "1956"]
[WhiteRD "47"]
[BlackElo "1801"]
[BlackRD "67"]
[GameID "48811"]

1. d4 Nf6 2. c4 g6 3. Nc3 Bg7 4. e4 d6 5. f3 O-O 6. Be3 e5 7. d5 b6 8. Bd3 Nbd7 9. Nge2 Re8 10. O-O Nc5
11. Bc2 Ba6 12. b4 Ncd7 13. Bb3 Qe7 14. Qc2 h6 15. Rf2 Nh5 16. Re1 Nhf6 17. h3 Nh7 18. Qd2 Ng5 19. Bxg5 hxg5 20. Nc1 Bf6
21. g4 Kg7 22. Kg2 Rh8 23. Rh1 Rh4 24. N1e2 Rah8 25. Ng1 Qd8 26. Nce2 R8h6 27. Ng3 Nb8 28. a4 c6 29. b5 cxb5 30. axb5 Bc8
31. Qa2 a6 32. bxa6 Nxa6 33. Bd1 Nc5 34. Be2 Bd7 35. Qa7 Nb3 36. Bd1 Nd4 37. N3e2 Qe7 38. Qxb6 Rh8 39. Qb2 Rc8 40. Nxd4 exd4
41. Bb3 Be5 42. Qc2 Rch8 43. Ba2 Rf8 44. Bb1 Rb8 45. Qd3 Qd8 46. Ra2 Qb6 47. Bc2 Qb4 48. Ne2 Qb6 49. Rb1 Qd8 50. Rxb8 Qxb8
51. Ra1 Qb6 52. Rb1 Qd8 53. Nxd4 Bxd4 54. Qxd4+ f6 55. c5 dxc5 56. Qxc5
1-0

[Event "King's Indian defence - still playable for black?"]
[Site "SchemingMind.com"]
[Date "2006.06.09"]
[Round "-"]
[White "pompom"]
[Black "griffimv"]
[Result "0-1"]
[WhiteCountry "FRA"]
[BlackCountry "INT"]
[WhiteElo "1680"]
[WhiteRD "90"]
[BlackElo "2171"]
[BlackRD "77"]
[GameID "53451"]

1. d4 Nf6 2. c4 g6 3. Nc3 Bg7 4. e4 d6 5. Nf3 O-O 6. Be2 e5 7. dxe5 dxe5 8. Qxd8 Rxd8 9. Be3 Nc6 10. Bg5 Rf8
0-1

[Event "King's Indian defence - still playable for black?"]
[Site "SchemingMind.com"]
[Date "2006.06.02"]
[Round "-"]
[White "Space"]
[Black "griffimv"]
[Result "1/2-1/2"]
[WhiteCountry "SWE"]
[BlackCountry "INT"]
[WhiteElo "2239"]
[WhiteRD "70"]
[BlackElo "2265"]
[BlackRD "73"]
[GameID "53479"]

1. d4 Nf6 2. c4 g6 3. Nc3 Bg7 4. e4 d6 5. Nf3 O-O 6. Be2 e5 7. O-O Nc6 8. d5 Ne7 9. Ne1 Ne8 10. f3 f5
11. Be3 f4 12. Bf2 Nf6 13. c5 h5 14. cxd6 cxd6 15. Rc1 a6 16. Qb3 b5 17. a4 Rb8 18. axb5 axb5 19. Nc2 b4 20. Nb5 Qd7
21. Na7 g5 22. Nc6 Ra8 23. N2xb4 g4 24. Nxe5 dxe5 25. d6+ Kh7 26. dxe7 Qxe7 27. Rc6 Bd7 28. Bc5 Qf7 29. Bc4 Qg6 30. Kh1 gxf3
31. gxf3 Bh3 32. Rg1 Ra1 33. Qc2 Rxg1+ 34. Bxg1 Ra8 35. Ra6=
1/2-1/2

[Event "King's Indian defence - still playable for black?"]
[Site "SchemingMind.com"]
[Date "2006.06.02"]
[Round "-"]
[White "Space"]
[Black "MatdeInverses"]
[Result "1-0"]
[WhiteCountry "SWE"]
[BlackCountry "USA"]
[WhiteElo "2218"]
[WhiteRD "73"]
[BlackElo "1714"]
[BlackRD "56"]
[GameID "53481"]

1. d4 Nf6 2. c4 g6 3. Nc3 Bg7 4. e4 d6 5. Nf3 O-O 6. Be2 c5 7. O-O cxd4 8. Nxd4 Nc6 9. Be3 Bd7 10. Qd2 a6
11. f3 Rc8 12. Rac1 Ne5 13. b3 Qa5 14. Nd5
1-0

[Event "King's Indian defence - still playable for black?"]
[Site "SchemingMind.com"]
[Date "2006.06.02"]
[Round "-"]
[White "Space"]
[Black "McKnights"]
[Result "1-0"]
[WhiteCountry "SWE"]
[BlackCountry "USA"]
[WhiteElo "2159"]
[WhiteRD "83"]
[BlackElo "1749"]
[BlackRD "58"]
[GameID "53482"]

1. d4 Nf6 2. c4 g6 3. Nc3 Bg7 4. e4 d6 5. Nf3 Bg4 6. Be2 O-O 7. Be3 Nbd7 8. O-O Bxf3 9. Bxf3 e5 10. d5 a6
11. b4 Qb8 12. c5 Rc8 13. Rb1 b6 14. c6 Nf8 15. Qd2 Re8 16. Be2 Qc8 17. f3 Nh5 18. Rfe1 f5 19. Rb3 Re7 20. Ra3 f4
21. Bf2 h6 22. Qd3 b5 23. Ra5 Bf6 24. Ra1 Nh7 25. a4 Ng5 26. axb5 Qf8 27. b6 cxb6 28. Rxa6 Ree8 29. Rxa8 Rxa8 30. Rxa8 Qxa8
31. c7 Kf7 32. Qa6
1-0

[Event "King's Indian defence - still playable for black?"]
[Site "SchemingMind.com"]
[Date "2006.06.02"]
[Round "-"]
[White "griffimv"]
[Black "Space"]
[Result "1-0"]
[WhiteCountry "INT"]
[BlackCountry "SWE"]
[WhiteElo "2341"]
[WhiteRD "79"]
[BlackElo "2182"]
[BlackRD "79"]
[GameID "53483"]

1. d4 Nf6 2. c4 g6 3. Nc3 Bg7 4. e4 d6 5. Nf3 O-O 6. Be2 e5 7. O-O Nc6 8. d5 Ne7 9. b4 a5 10. Ba3 axb4
11. Bxb4 Nd7 12. a4 Bh6 13. a5 f5 14. Nd2 Kh8 15. Bd3 Rf6 16. Na4 Rf7 17. c5 dxc5 18. Nxc5 Nxc5 19. Bxc5 fxe4 20. Bxe4 Bf5
21. Bxf5 gxf5 22. Nc4 Rg7 23. Nxe5 Qxd5 24. Qxd5 Nxd5 25. Rfb1 c6 26. Kf1 Bg5 27. a6 bxa6 28. Bd4 Bf6 29. Nxc6 Bxd4 30. Nxd4 f4
31. Ra5 Rd7 32. Ne6 Rd6= 33. Ng5 Ra7 34. Ne4 Re6 35. Nc5 Rh6 36. Rd1 Nb4 37. Ra4 Rc6 38. Rxb4 Rxc5 39. Rxf4 a5 40. Ra1 h5
41. Rfa4 Kg7 42. g3 Kf6 43. Kg2 Ra6 44. f4 Rb5 45. R1a3 Ra7 46. Kf3 Ra6 47. h3 Kg6 48. g4 hxg4+ 49. hxg4 Kf6 50. Rd3
1-0

[Event "King's Indian defence - still playable for black?"]
[Site "SchemingMind.com"]
[Date "2006.06.09"]
[Round "-"]
[White "pompom"]
[Black "Space"]
[Result "0-1"]
[WhiteCountry "FRA"]
[BlackCountry "SWE"]
[WhiteElo "1680"]
[WhiteRD "90"]
[BlackElo "2204"]
[BlackRD "78"]
[GameID "53484"]

1. d4 Nf6 2. c4 g6 3. Nc3 Bg7 4. e4 d6 5. Nf3 O-O 6. Be2 e5 7. dxe5 dxe5 8. Qxd8 Rxd8 9. Bg5 c6 10. Nxe5 Re8
11. f4 Nh5
0-1

[Event "King's Indian defence - still playable for black?"]
[Site "SchemingMind.com"]
[Date "2006.06.04"]
[Round "-"]
[White "MatdeInverses"]
[Black "Space"]
[Result "0-1"]
[WhiteCountry "USA"]
[BlackCountry "SWE"]
[WhiteElo "1714"]
[WhiteRD "56"]
[BlackElo "2218"]
[BlackRD "73"]
[GameID "53485"]

1. d4 Nf6 2. c4 g6 3. Nc3 Bg7 4. e4 d6 5. f3 O-O 6. Be3 Nc6 7. Qd2 a6 8. h4 h5 9. Nge2 Rb8 10. Nf4 e5
11. dxe5 Nxe5 12. O-O-O b5
0-1

[Event "King's Indian defence - still playable for black?"]
[Site "SchemingMind.com"]
[Date "2006.06.03"]
[Round "-"]
[White "McKnights"]
[Black "Space"]
[Result "0-1"]
[WhiteCountry "USA"]
[BlackCountry "SWE"]
[WhiteElo "1749"]
[WhiteRD "58"]
[BlackElo "2159"]
[BlackRD "83"]
[GameID "53486"]

1. d4 Nf6 2. c4 g6 3. Nc3 Bg7 4. e4 d6 5. Nf3 O-O 6. Bd3 c5 7. Be3 cxd4 8. Bxd4 Nc6 9. O-O Nxd4 10. Nxd4 Bd7
11. Re1 Qb6 12. Nb3 e6 13. Re3 Bc6 14. Qc2 Ng4 15. Rf3 f5 16. Rg3 Be5 17. Rf3 Bxh2+ 18. Kf1 fxe4 19. Nxe4 Ne5 20. c5 dxc5
21. Nf6+ Kh8 22. Rh3 Rxf6 23. Rxh2 Nxd3 24. Qxd3 Bb5
0-1

[Event "King's Indian defence - still playable for black?"]
[Site "SchemingMind.com"]
[Date "2006.06.02"]
[Round "-"]
[White "ovidiubar"]
[Black "Space"]
[Result "1/2-1/2"]
[WhiteCountry "ROU"]
[BlackCountry "SWE"]
[WhiteElo "2044"]
[WhiteRD "89"]
[BlackElo "2204"]
[BlackRD "78"]
[GameID "53506"]

1. d4 Nf6 2. c4 g6 3. Nc3 Bg7 4. e4 d6 5. Bd3 O-O 6. Nge2 c5 7. d5 e6 8. O-O exd5 9. exd5 Ng4 10. f4 Re8
11. h3 Ne3 12. Bxe3 Rxe3 13. Qd2 Re8 14. a3 f5 15. Kh2 Nd7 16. Rae1 Nf6 17. Ng1 Bd7 18. Rxe8+ Qxe8 19. Re1 Qf7 20. Nf3 h6
21. Nh4 Nh5 22. g4 fxg4 23. Nxg6 g3+ 24. Kg2 Bf6 25. h4 Re8 26. Rxe8+=
1/2-1/2

[Event "King's Indian defence - still playable for black?"]
[Site "SchemingMind.com"]
[Date "2006.06.02"]
[Round "-"]
[White "ovidiubar"]
[Black "griffimv"]
[Result "0-1"]
[WhiteCountry "ROU"]
[BlackCountry "INT"]
[WhiteElo "2056"]
[WhiteRD "90"]
[BlackElo "2265"]
[BlackRD "73"]
[GameID "53507"]

1. d4 Nf6 2. c4 g6 3. Nc3 Bg7 4. e4 d6 5. d5 e5 6. Bd3 c5 7. Nge2 O-O 8. Ng3 Ne8 9. O-O Qh4 10. Be3 Nf6
11. Be2 Ng4 12. Bxg4 Bxg4 13. Qd2 Qe7 14. Bh6 Bd7 15. Bxg7 Kxg7 16. Rae1 Na6 17. b3 Rab8 18. f4 exf4 19. Rxf4 Qe5 20. Nb5 Bxb5
21. cxb5 Nc7 22. a4 h5 23. Ref1 Rbe8 24. b4 f6 25. bxc5 dxc5 26. Qf2 b6 27. Qa2 Re7 28. Qb3 Ne8 29. Qe3 Nd6 30. Qd2 c4
31. R1f3 Rc7 32. Qc3 Qxc3 33. Rxc3 Ra8 34. h4 a6 35. Ne2 axb5 36. Nd4 Rcc8 37. Nxb5 Nxb5 38. axb5 Ra5 39. g4 hxg4 40. Rxg4 Rxb5
41. h5 g5 42. e5 Rxd5 43. exf6+ Kxf6 44. Rgxc4 Rdc5 45. Rxc5 bxc5 46. Kf2 c4 47. Kf3 Kg7 48. Kg3 Kh6 49. Kg4 Rc7 50. Kf5 Rf7+
51. Ke6 Rf4 52. Rc1 g4 53. Ke5 Rf7 54. Rxc4 g3 55. Rc1 Kxh5 56. Rc8 Kh4 57. Rh8+ Kg4 58. Ke4 g2 59. Rg8+ Kh3 60. Rh8+ Kg3
61. Rg8+ Kh2 62. Rh8+ Kg1 63. Ke3 Kf1
0-1

[Event "King's Indian defence - still playable for black?"]
[Site "SchemingMind.com"]
[Date "2006.06.02"]
[Round "-"]
[White "ovidiubar"]
[Black "MatdeInverses"]
[Result "1-0"]
[WhiteCountry "ROU"]
[BlackCountry "USA"]
[WhiteElo "2042"]
[WhiteRD "88"]
[BlackElo "1871"]
[BlackRD "53"]
[GameID "53509"]

1. d4 Nf6 2. c4 g6 3. Nc3 Bg7 4. e4 d6 5. Nf3 O-O 6. Be2 c5 7. O-O cxd4 8. Nxd4 Nc6 9. Be3 Bd7 10. Qd2 a6
11. f3 Rc8 12. Nc2 Ne5 13. b3 b5 14. cxb5 axb5 15. Nxb5 Neg4 16. Rac1 Nxe3 17. Qxe3 Nh5 18. Nba3 Rc3 19. Qd2 Qb6+ 20. Kh1 Rfc8
21. g4 Nf6 22. Nc4 Rxc2 23. Rxc2
1-0

[Event "King's Indian defence - still playable for black?"]
[Site "SchemingMind.com"]
[Date "2006.06.02"]
[Round "-"]
[White "ovidiubar"]
[Black "McKnights"]
[Result "1-0"]
[WhiteCountry "ROU"]
[BlackCountry "USA"]
[WhiteElo "2032"]
[WhiteRD "87"]
[BlackElo "1749"]
[BlackRD "58"]
[GameID "53510"]

1. d4 Nf6 2. c4 g6 3. Nc3 Bg7 4. e4 d6 5. Bd3 O-O 6. Nge2 Nc6 7. O-O e5 8. d5 Ne7 9. f4 c6 10. Kh1 exf4
11. Bxf4 Nh5 12. Bg5 Qd7 13. Qd2 f6 14. Be3 f5 15. exf5 Nxf5 16. Bg5 Bh8 17. g4 Bxc3 18. Qxc3 Ne3 19. Rxf8+ Kxf8 20. Qh8+ Kf7
21. gxh5 Qg4 22. Qxh7+ Kf8 23. Qh8+
1-0

[Event "King's Indian defence - still playable for black?"]
[Site "SchemingMind.com"]
[Date "2006.06.02"]
[Round "-"]
[White "Space"]
[Black "ovidiubar"]
[Result "1-0"]
[WhiteCountry "SWE"]
[BlackCountry "ROU"]
[WhiteElo "2239"]
[WhiteRD "70"]
[BlackElo "2056"]
[BlackRD "90"]
[GameID "53511"]

1. d4 Nf6 2. c4 g6 3. Nc3 Bg7 4. e4 d6 5. Nf3 c6 6. Be2 O-O 7. O-O Bg4 8. Be3 Na6 9. h3 Bxf3 10. Bxf3 e5
11. d5 c5 12. a3 Ne8 13. Rb1 f5 14. b4 Qh4 15. Na4 b6 16. Nc3 f4 17. Bd2 Qe7 18. Qa4 Nac7 19. Qc6 cxb4 20. axb4 Rb8
21. c5 bxc5 22. bxc5 Rxb1 23. Rxb1 dxc5 24. Na4 Qd6 25. Qxc5 Qxc5 26. Nxc5 Nd6 27. Be2 Ra8 28. Bd3 Bf8 29. Nd7 Nf7 30. Nxf8 Kxf8
31. Bb4+ Kg8 32. Ra1 Ne8 33. Bc5 Rc8 34. Bxa7 Rc3 35. Rd1 Ned6 36. Kf1 g5 37. Ke2 h5 38. f3 g4 39. Ra1 Rb3 40. Bc2 Rc3
41. Kd2 Rc7 42. Bd1 Nc4+ 43. Ke1 gxf3 44. gxf3 Kg7 45. Ra6 Rb7 46. h4 Rb2 47. Rc6 Ne3 48. Bxe3 fxe3 49. Bc2 Nh8 50. Ke2 Ng6
51. Kxe3 Nxh4 52. d6 Rb8 53. d7 Rd8 54. Rc7 Ng6 55. Ba4 Kf7 56. Rc8 Ke7 57. Rc5 h4 58. Kf2 Kf6 59. Rc6+ Kf7 60. Bb3+ Kg7
61. Be6 Nf8 62. Bf5 Kf7 63. Kg2 Nxd7 64. Rc7 Kf6 65. Bxd7
1-0

[Event "King's Indian defence - still playable for black?"]
[Site "SchemingMind.com"]
[Date "2006.06.02"]
[Round "-"]
[White "griffimv"]
[Black "ovidiubar"]
[Result "1/2-1/2"]
[WhiteCountry "INT"]
[BlackCountry "ROU"]
[WhiteElo "2232"]
[WhiteRD "78"]
[BlackElo "2101"]
[BlackRD "91"]
[GameID "53512"]

1. d4 Nf6 2. c4 g6 3. Nc3 Bg7 4. e4 d6 5. Nf3 c6 6. Be2 O-O 7. O-O a6 8. Bg5 b5 9. e5 b4 10. exf6 exf6
11. Bf4 bxc3 12. bxc3 Re8 13. Bd3 Be6 14. Qb3 Qc7 15. Rab1 Nd7 16. Qb7 Qxb7 17. Rxb7 Bf8 18. Bg3 f5 19. Rfb1 h6 20. d5 Nc5
21. dxe6 fxe6 22. Bf1 Nxb7= 23. Rxb7 c5 24. Rb3 Rab8 25. Nd2 Rxb3 26. axb3 Rb8 27. Bd3 Bg7 28. Bc2 g5 29. f4 Bxc3 30. Nf3 g4
31. Ne1 Kf8 32. Nd3 Rb7 33. Nf2 Ke7 34. Kf1 Bf6 35. Ke2 Rb8 36. Nd1 h5 37. Bf2 Bg7 38. Kd3 Bh6 39. Be3 h4 40. Bd2 Kd7
41. Ke2 Bg7 42. Ne3 Bf6 43. Be1 h3 44. g3 Rb7 45. Ba5 Kc6 46. Kd3=
1/2-1/2

[Event "King's Indian defence - still playable for black?"]
[Site "SchemingMind.com"]
[Date "2006.06.09"]
[Round "-"]
[White "pompom"]
[Black "ovidiubar"]
[Result "0-1"]
[WhiteCountry "FRA"]
[BlackCountry "ROU"]
[WhiteElo "1680"]
[WhiteRD "90"]
[BlackElo "2044"]
[BlackRD "89"]
[GameID "53513"]

1. d4 Nf6 2. c4 g6 3. Nc3 Bg7 4. e4 d6 5. Nf3 Nc6 6. d5 Nb8 7. Bd3 O-O 8. O-O Bg4 9. h3 Bxf3 10. Qxf3 Na6
11. a3 Nd7
0-1

[Event "King's Indian defence - still playable for black?"]
[Site "SchemingMind.com"]
[Date "2006.06.11"]
[Round "-"]
[White "MatdeInverses"]
[Black "ovidiubar"]
[Result "0-1"]
[WhiteCountry "USA"]
[BlackCountry "ROU"]
[WhiteElo "1714"]
[WhiteRD "56"]
[BlackElo "2076"]
[BlackRD "86"]
[GameID "53514"]

1. d4 Nf6 2. c4 g6 3. Nc3 Bg7 4. e4 d6 5. f3 O-O 6. Be3 e5 7. d5 c6 8. Bd3 Nbd7 9. Nge2 Nc5 10. Bc2 cxd5
11. cxd5 a5 12. O-O h5 13. a3 Bd7 14. b4 axb4 15. axb4 Na6 16. Qb1 h4 17. Na4 h3 18. Nb6 Bh6 19. Bxh6 Qxb6+ 20. Rf2 Rfc8
21. Bd2 hxg2
0-1

[Event "King's Indian defence - still playable for black?"]
[Site "SchemingMind.com"]
[Date "2006.06.03"]
[Round "-"]
[White "McKnights"]
[Black "ovidiubar"]
[Result "0-1"]
[WhiteCountry "USA"]
[BlackCountry "ROU"]
[WhiteElo "1749"]
[WhiteRD "58"]
[BlackElo "2032"]
[BlackRD "87"]
[GameID "53515"]

1. d4 Nf6 2. c4 g6 3. Nc3 Bg7 4. e4 d6 5. Nf3 Bg4 6. Be2 Nc6 7. d5 Bxf3 8. Bxf3 Ne5 9. Bg5 O-O 10. b3 Nxf3+
11. gxf3 e6 12. Qd2 exd5 13. Bxf6 Qxf6 14. Rc1 Qxf3 15. Rg1 dxc4 16. bxc4 Rae8 17. Rg3 Qh1+ 18. Ke2 Qxh2 19. Rcg1 Bxc3 20. Qxc3 Rxe4+
21. Kf1 Rfe8 22. Re3 Rxe3 23. fxe3 Re5 24. e4 Qf4+ 25. Ke2 Rxe4+ 26. Kd1 Rd4+ 27. Ke2 Qh2+
0-1

[Event "King's Indian defence - still playable for black?"]
[Site "SchemingMind.com"]
[Date "2006.06.04"]
[Round "-"]
[White "PackoJones1000"]
[Black "ovidiubar"]
[Result "1-0"]
[WhiteCountry "ESP"]
[BlackCountry "ROU"]
[WhiteElo "2155"]
[WhiteRD "63"]
[BlackElo "2032"]
[BlackRD "87"]
[GameID "53761"]

1. d4 Nf6 2. c4 g6 3. Nc3 Bg7 4. e4 d6 5. Nf3 O-O 6. Be2 a6 7. O-O Bg4 8. Be3 Nc6 9. d5 Bxf3 10. Bxf3 Ne5
11. Be2 Ned7 12. Rc1 e6 13. Qb3 Qc8 14. f4 Re8 15. dxe6 Rxe6 16. Bf3 Rb8 17. c5 b6 18. cxd6 cxd6 19. Qd1 Qc4 20. Bd4 Nc5
21. Rc2 Ne8 22. Bxg7 Kxg7 23. Rff2 Qb4 24. Nd5 Qa4 25. b3 Qd7 26. Bg4 Nxe4 27. Qd4+ N4f6 28. Rfe2 Rxe2 29. Bxd7 Rxc2 30. Bxe8 Rxe8
31. Qxf6+
1-0

[Event "King's Indian defence - still playable for black?"]
[Site "SchemingMind.com"]
[Date "2006.06.04"]
[Round "-"]
[White "PackoJones1000"]
[Black "Space"]
[Result "1-0"]
[WhiteCountry "ESP"]
[BlackCountry "SWE"]
[WhiteElo "2155"]
[WhiteRD "63"]
[BlackElo "2159"]
[BlackRD "83"]
[GameID "53762"]

1. d4 Nf6 2. c4 g6 3. Nc3 Bg7 4. e4 d6 5. f3 O-O 6. Bg5 c5 7. d5 e6 8. Qd2 exd5 9. cxd5 h6 10. Be3 h5
11. Nge2 Nbd7 12. Nc1 Ne5 13. Be2 Nh7 14. O-O f5 15. f4 Nd7 16. e5 dxe5 17. fxe5 Nxe5 18. Bxc5 Re8 19. Nb3 b6 20. Bd4 a6
21. Qf4 Qd6 22. Rad1 Bb7 23. Qg3 Nf7 24. Rd3 Ne5 25. Re3 Nf8 26. Bxh5 gxh5 27. Rxf5
1-0

[Event "King's Indian defence - still playable for black?"]
[Site "SchemingMind.com"]
[Date "2006.06.04"]
[Round "-"]
[White "PackoJones1000"]
[Black "griffimv"]
[Result "0-1"]
[WhiteCountry "ESP"]
[BlackCountry "INT"]
[WhiteElo "2158"]
[WhiteRD "66"]
[BlackElo "2171"]
[BlackRD "77"]
[GameID "53763"]

1. d4 Nf6 2. c4 g6 3. Nc3 Bg7 4. e4 d6 5. Nf3 O-O 6. Be2 e5 7. O-O Nc6 8. d5 Ne7 9. Ne1 Ne8 10. Be3 f5
11. f3 f4 12. Bf2 h5 13. a4 g5 14. c5 Kh8 15. a5 dxc5 16. Bxc5 Nd6 17. a6 b6 18. Ba3 Bd7 19. Nd3 Rf6 20. Nxe5 Be8
21. Rc1 Rh6 22. Nc4 Nf7 23. Kh1 Ng6 24. Qb3 g4 25. Nb5 Qh4 26. Rfe1 Ng5 27. Nd2 Qf2 28. Qd1 Nh3 29. Rg1 Nxg1 30. Bc4 Nxf3
31. Nxf3 gxf3 32. Qxf3 Qh4 33. Nxc7 Ne5 34. Qh3 Qxh3 35. gxh3 Bg6 36. Kg1 Bxe4
0-1

[Event "King's Indian defence - still playable for black?"]
[Site "SchemingMind.com"]
[Date "2006.06.04"]
[Round "-"]
[White "PackoJones1000"]
[Black "pompom"]
[Result "1-0"]
[WhiteCountry "ESP"]
[BlackCountry "FRA"]
[WhiteElo "2155"]
[WhiteRD "63"]
[BlackElo "1717"]
[BlackRD "92"]
[GameID "53764"]

1. d4 Nf6 2. c4 g6 3. Nc3 Bg7 4. e4 d6 5. Nf3 O-O 6. Bg5 h6 7. Bh4 Nbd7 8. Be2 c5 9. e5 dxe5 10. dxe5 Ng4
11. e6 fxe6 12. Qd2
1-0

[Event "King's Indian defence - still playable for black?"]
[Site "SchemingMind.com"]
[Date "2006.06.04"]
[Round "-"]
[White "PackoJones1000"]
[Black "McKnights"]
[Result "1-0"]
[WhiteCountry "ESP"]
[BlackCountry "USA"]
[WhiteElo "2155"]
[WhiteRD "63"]
[BlackElo "1749"]
[BlackRD "58"]
[GameID "53766"]

1. d4 Nf6 2. c4 g6 3. Nc3 Bg7 4. e4 d6 5. f3 O-O 6. Bg5 Re8 7. Qd2 e5 8. d5 Qd7 9. O-O-O a6 10. g4 c6
11. h4 b5 12. Bxf6 Bxf6 13. g5 Bg7 14. Kb1 b4 15. dxc6 Qxc6 16. Nd5 a5 17. h5 Ba6 18. Nf6+ Bxf6 19. gxf6 Nd7 20. hxg6 Nxf6
21. gxh7+ Kh8 22. Rh6 Re6 23. Nh3 Nxe4 24. fxe4 Rxh6 25. Qxh6 Qxe4+ 26. Bd3 Qf3 27. Kc1 Rc8 28. Rg1
1-0

[Event "King's Indian defence - still playable for black?"]
[Site "SchemingMind.com"]
[Date "2006.06.04"]
[Round "-"]
[White "ovidiubar"]
[Black "PackoJones1000"]
[Result "1/2-1/2"]
[WhiteCountry "ROU"]
[BlackCountry "ESP"]
[WhiteElo "2032"]
[WhiteRD "87"]
[BlackElo "2155"]
[BlackRD "63"]
[GameID "53767"]

1. d4 Nf6 2. c4 g6 3. Nc3 Bg7 4. e4 d6 5. Bd3 e5 6. d5 Nbd7 7. Nf3 O-O 8. O-O Nc5 9. b4 Nxd3 10. Qxd3 a5
11. b5 Nd7 12. Qe2 h6 13. Be3 f5 14. exf5 gxf5 15. Rad1 Qf6 16. Kh1 Kh8 17. Bd2 Nc5 18. Ng1 f4 19. f3 Qg6 20. Nh3 Bxh3
21. gxh3 Qh5 22. Rg1 Bf6 23. Ne4 Nxe4 24. Qxe4 b6 25. c5 bxc5 26. a4 Qxh3 27. Rg4 Bg5 28. Rdg1 Rg8 29. Bc3 Rg7 30. R4g2 Ra7
31. Rc1 Rf7 32. Rcg1 Ra8 33. Rg4 Qh5 34. Kg2 Rg7 35. Kh1 Kg8 36. Qf5 Qf7 37. Qe4 Bf6 38. Rxg7+ Bxg7 39. Be1 Kh8 40. Rg6=
1/2-1/2